[Event "Summer Challengers"]
[Site "SchemingMind.com"]
[Date "2015.08.29"]
[Round "-"]
[White "emvarela"]
[Black "kenneth m day"]
[Result "0-1"]
[WhiteCountry "ARG"]
[BlackCountry "USA"]
[WhiteElo "1722"]
[WhiteRD "46"]
[BlackElo "1685"]
[BlackRD "50"]
[GameID "386405"]

1. e4 e5 2. Nf3 Nc6 3. Bb5 Nf6 4. d3 d6 5. c3 Bd7 6. O-O Be7 7. Bxc6 Bxc6 8. Be3 O-O 9. Nbd2 Ng4 10. h3 Nxe3
11. fxe3 Qd7 12. d4 exd4 13. exd4 f5 14. d5 Bb5 15. c4 Ba6 16. exf5 Rxf5 17. b3 Raf8 18. Nd4 Rxf1+
0-1

[Event "Summer Challengers"]
[Site "SchemingMind.com"]
[Date "2015.08.29"]
[Round "-"]
[White "kenneth m day"]
[Black "emvarela"]
[Result "0-1"]
[WhiteCountry "USA"]
[BlackCountry "ARG"]
[WhiteElo "1685"]
[WhiteRD "50"]
[BlackElo "1722"]
[BlackRD "46"]
[GameID "386406"]

1. e4 e5 2. f4 exf4 3. Nf3 f5 4. e5 Qe7 5. d4 d6 6. Be2 dxe5 7. dxe5 Nc6 8. Bxf4 Qb4+ 9. Bd2 Qxb2 10. Bc3 Bb4
11. a3 Bxc3+ 12. Nxc3 Qxc3+ 13. Kf1 Nxe5 14. Kf2 Ng4+ 15. Kg3 f4+ 16. Kxf4 Qe3+ 17. Kg3 Qf2+ 18. Kf4 Ne3 19. Qd3 Ne7 20. Rad1 Nxg2+
21. Kg5 h6+
0-1

[Event "Summer Challengers"]
[Site "SchemingMind.com"]
[Date "2015.08.31"]
[Round "-"]
[White "David Hartley"]
[Black "emvarela"]
[Result "1-0"]
[WhiteCountry "ENG"]
[BlackCountry "ARG"]
[WhiteElo "1751"]
[WhiteRD "63"]
[BlackElo "1722"]
[BlackRD "46"]
[GameID "386522"]

1. e4 e5 2. Nf3 Nc6 3. d4 exd4 4. Bc4 h6 5. O-O Qe7 6. Nxd4 Nxd4 7. Qxd4 d6 8. Re1 Be6 9. Bf4 Bxc4 10. Qxc4 Nf6
11. Nc3 g5 12. e5 O-O-O 13. exf6 Qxf6 14. Nd5
1-0

[Event "Summer Challengers"]
[Site "SchemingMind.com"]
[Date "2015.08.31"]
[Round "-"]
[White "emvarela"]
[Black "David Hartley"]
[Result "0-1"]
[WhiteCountry "ARG"]
[BlackCountry "ENG"]
[WhiteElo "1700"]
[WhiteRD "49"]
[BlackElo "1751"]
[BlackRD "64"]
[GameID "386523"]

1. e4 c5 2. Nf3 d6 3. d4 cxd4 4. Nxd4 Nf6 5. Nc3 Nc6 6. Nxc6 bxc6 7. Bd3 e5 8. Bg5 Be7 9. Bxf6 Bxf6 10. Qf3 Be6
11. O-O O-O 12. b4 a6 13. a3 Qe7 14. Rad1 Qd7 15. Be2 Rfd8 16. Na4 Rdb8 17. Nc5 Qe7 18. Nxe6 Qxe6 19. Qc3 Rc8 20. h3 Qe7
21. Rd3 d5 22. f3 d4 23. Qb3 Qd7 24. c3 Qa7 25. cxd4 exd4 26. f4 Rab8 27. e5 Bd8 28. e6 Bf6 29. Bg4 Rc7 30. exf7+ Kf8
31. Be6 c5 32. Qd5 c4
0-1

[Event "Summer Challengers"]
[Site "SchemingMind.com"]
[Date "2015.08.26"]
[Round "-"]
[White "David Hartley"]
[Black "kenneth m day"]
[Result "1-0"]
[WhiteCountry "ENG"]
[BlackCountry "USA"]
[WhiteElo "1741"]
[WhiteRD "65"]
[BlackElo "1713"]
[BlackRD "53"]
[GameID "386524"]

1. e4 e5 2. Nf3 Nc6 3. d4 exd4 4. Nxd4 Nf6 5. Nxc6 bxc6 6. e5 Nd5 7. c4 Nb6 8. Bd3 Bc5 9. O-O O-O 10. Bf4 Qh4
11. Bg3 Qh6 12. Nd2 d5 13. exd6 Bxd6 14. Ne4 Bxg3 15. Nxg3 Be6 16. b3 Rad8 17. Qc2 Rd4 18. Bf5 Rf4 19. Rae1 Bxf5 20. Nxf5 Qf6
21. Ng3 Rd8 22. Qe2 Qe6 23. Qxe6 fxe6 24. Rxe6 Rfd4 25. Rfe1 R4d7 26. R6e2 Rd2 27. f3 R2d7 28. Re8+ Rxe8 29. Rxe8+ Kf7 30. Re2 Nc8
31. Kf2 Nd6 32. Ke1 Ne8 33. Ne4 Re7 34. Ng5+ Kf8 35. Nxh7+ Kf7 36. Ng5+ Kf8 37. Rxe7 Kxe7 38. Kd2 Nf6 39. Ke3 Nd7 40. h4 Nf6
41. g4 g6 42. Ne4 Nd7 43. Kf4 Kf7 44. a3 a6 45. Kg5 Nf8 46. h5 gxh5 47. Kxh5 Kg7 48. f4 Ne6 49. f5 Nf4+ 50. Kg5 Nd3
51. f6+ Kf7 52. Kf5 Nb2 53. g5 Nd3 54. g6+ Kg8 55. g7
1-0

[Event "Summer Challengers"]
[Site "SchemingMind.com"]
[Date "2015.08.26"]
[Round "-"]
[White "kenneth m day"]
[Black "David Hartley"]
[Result "0-1"]
[WhiteCountry "USA"]
[BlackCountry "ENG"]
[WhiteElo "1678"]
[WhiteRD "53"]
[BlackElo "1751"]
[BlackRD "64"]
[GameID "386525"]

1. e4 e5 2. f4 d5 3. exd5 exf4 4. Nf3 Qxd5 5. Nc3 Qe6+ 6. Qe2 h6 7. d4 g5 8. Bd2 Qxe2+ 9. Bxe2 Bf5 10. O-O-O Nd7
11. Rhe1 O-O-O 12. Bc4 f6 13. Re2 Bd6 14. Be1 Ne7 15. Nb5 Nc6 16. h3 Nb6 17. Bb3 a6 18. Nxd6+ Rxd6 19. Bc3 Nd5 20. Be1 Rhd8
21. Bf2 Re6 22. Rde1 Rxe2 23. Rxe2 Na5 24. Bxd5 Rxd5 25. b3 Kd8 26. c3 Rd7 27. Rd2 Be4 28. Be1 Nc6 29. Kb2 Re7 30. Re2 Bxf3
31. Rxe7 Kxe7 32. gxf3 f5 33. Kc2 h5 34. Bf2 g4 35. hxg4 fxg4 36. Bh4+ Ke6 37. Kd2 gxf3 38. Ke1 Kf5 39. Kf2 Kg4 40. Bf6 h4
41. d5 h3 42. Kg1 Kg3
0-1

[Event "Summer Challengers"]
[Site "SchemingMind.com"]
[Date "2015.08.26"]
[Round "-"]
[White "grabapawn"]
[Black "David Hartley"]
[Result "0-1"]
[WhiteCountry "USA"]
[BlackCountry "ENG"]
[WhiteElo "1594"]
[WhiteRD "58"]
[BlackElo "1767"]
[BlackRD "67"]
[GameID "386543"]

1. e4 e5 2. Nf3 Nc6 3. Bc4 Bc5 4. Nc3 Nf6 5. d3 O-O 6. Bg5 h6 7. Bh4 Be7 8. O-O d6 9. Qd2 Bg4 10. a3 Bxf3
11. gxf3 Nd4 12. Ne2 Nxf3+
0-1

[Event "Summer Challengers"]
[Site "SchemingMind.com"]
[Date "2015.08.26"]
[Round "-"]
[White "David Hartley"]
[Black "grabapawn"]
[Result "0-1"]
[WhiteCountry "ENG"]
[BlackCountry "USA"]
[WhiteElo "1751"]
[WhiteRD "63"]
[BlackElo "1608"]
[BlackRD "59"]
[GameID "386544"]

1. e4 c5 2. Nc3 d6 3. g3 g6 4. d3 Bg7 5. Bd2 Nc6 6. Bg2 Nf6 7. Nge2 O-O 8. O-O Bd7 9. Rb1 Rb8 10. Nf4 e5
11. Nfd5 h6 12. Qc1 Nxd5 13. Nxd5 Ne7 14. Bxh6 Nxd5 15. Bxg7 Kxg7 16. exd5 Rh8 17. f4 Rh7 18. h4 f6 19. Rf2 exf4 20. Qxf4 Qe7
21. c4 Rbh8 22. Bf3 g5 23. hxg5 fxg5 24. Qe4 Qxe4 25. Bxe4 Rh3 26. Kg2 Rh2+ 27. Kf3 Rf8+
0-1

[Event "Summer Challengers"]
[Site "SchemingMind.com"]
[Date "2015.08.31"]
[Round "-"]
[White "grabapawn"]
[Black "emvarela"]
[Result "1-0"]
[WhiteCountry "USA"]
[BlackCountry "ARG"]
[WhiteElo "1608"]
[WhiteRD "59"]
[BlackElo "1722"]
[BlackRD "46"]
[GameID "386545"]

1. e4 e5 2. Nf3 Nc6 3. Bc4 Bc5 4. c3 d6 5. d4 exd4 6. cxd4 Bb4+ 7. Nc3 h6 8. O-O Nge7 9. a3 Bxc3 10. bxc3 a6
11. Re1 b5 12. Bb3 O-O 13. Bb2 Ng6 14. Qd3 Na5 15. Ba2 c5 16. dxc5 dxc5 17. Bb1 Qxd3 18. Bxd3 c4 19. Bc2 Bb7 20. Rad1 Rfe8
21. Bc1 Ne5 22. Nd4 Nec6 23. Nxc6 Bxc6 24. f3 Rad8 25. h3 Nb3 26. Bxb3 cxb3 27. Kh2 a5 28. Rd4 Rxd4 29. cxd4 a4 30. d5
1-0

[Event "Summer Challengers"]
[Site "SchemingMind.com"]
[Date "2015.08.31"]
[Round "-"]
[White "emvarela"]
[Black "grabapawn"]
[Result "1-0"]
[WhiteCountry "ARG"]
[BlackCountry "USA"]
[WhiteElo "1722"]
[WhiteRD "46"]
[BlackElo "1608"]
[BlackRD "59"]
[GameID "386546"]

1. e4 c5 2. Nf3 d6 3. d4 cxd4 4. Nxd4 g6 5. Nc3 Bg7 6. Be3 Nf6 7. Be2 O-O 8. O-O Nc6 9. Nxc6 bxc6 10. Bf3 Bd7
11. Qd2 Rb8 12. Rab1 a6 13. b3 Ng4 14. Bxg4 Bxg4 15. f3 Bd7 16. Bh6 Bxh6 17. Qxh6 f5 18. exf5 Rxf5 19. g4 Rc5 20. Ne4 Re5
21. Ng5 Rxg5 22. Qxg5 Qf8 23. Rbe1 e5 24. f4 Rb5 25. fxe5 Qe8 26. c4 Rxe5 27. Rxe5 dxe5 28. h4 e4 29. h5 e3 30. hxg6 hxg6
31. Re1 e2 32. Kf2 Qe4 33. Qd8+ Qe8 34. Qxe8+ Bxe8 35. Rxe2 Kf7 36. g5 Bd7 37. Kf3 Bf5 38. Kf4 Bb1 39. Ke5 Ke7 40. a3 Bf5
41. Rd2
1-0

[Event "Summer Challengers"]
[Site "SchemingMind.com"]
[Date "2015.08.26"]
[Round "-"]
[White "grabapawn"]
[Black "kenneth m day"]
[Result "0-1"]
[WhiteCountry "USA"]
[BlackCountry "USA"]
[WhiteElo "1608"]
[WhiteRD "59"]
[BlackElo "1685"]
[BlackRD "50"]
[GameID "386547"]

1. e4 e5 2. Nf3 Nc6 3. Bc4 Bc5 4. O-O Nf6 5. Nc3 O-O 6. d3 a6 7. Bg5 Re8 8. Nd5 Be7 9. Nxe7+ Rxe7 10. Nh4 d6
11. Nf5 Bxf5 12. exf5 Re8 13. Qf3 Rb8 14. Rfe1 Nd4 15. Qh3 Nxc2 16. Rac1 Nd4 17. Qh4 Nxf5 18. Qh3 Nd4 19. Qg3 Ne6 20. Bb3 Nxg5
21. Qxg5 c6 22. Re3 d5 23. Rg3 g6 24. Rf3 Kg7 25. Re1 Qd6 26. h4 Rbd8 27. h5 Nxh5 28. g4 Nf6 29. Rh3 Ng8 30. a3 f6
31. Qh4 h6 32. Bc2 Rd7 33. Kg2 Qc5 34. Bd1 Qd4 35. Ree3 Qxb2 36. Ref3 Rf7 37. g5 fxg5 38. Rxf7+ Kxf7 39. Rf3+ Kg7 40. Qh3 Re7
41. Qc8 Rf7 42. Rxf7+ Kxf7 43. Qd7+ Ne7 44. Bg4 Qxa3 45. Be6+ Kf6 46. Bg4 Nf5 47. Qd8+ Qe7 48. Qxe7+ Nxe7
0-1

[Event "Summer Challengers"]
[Site "SchemingMind.com"]
[Date "2015.08.26"]
[Round "-"]
[White "kenneth m day"]
[Black "grabapawn"]
[Result "1-0"]
[WhiteCountry "USA"]
[BlackCountry "USA"]
[WhiteElo "1685"]
[WhiteRD "50"]
[BlackElo "1608"]
[BlackRD "59"]
[GameID "386548"]

1. e4 c5 2. d4 cxd4 3. c3 Nc6 4. Nf3 g6 5. cxd4 Bg7 6. Be3 d6 7. Nc3 Nf6 8. Bb5 O-O 9. Qe2 a6 10. Ba4 b5
11. Bc2 d5 12. O-O Bb7 13. exd5 Nxd5 14. Nxd5 Qxd5 15. Rfd1 Rae8 16. Bb3 Qe4 17. Rac1 Rd8 18. Bc2 Qg4 19. h3 Qh5 20. Bd3 e5
21. Nxe5 Qxe2 22. Bxe2 Nxe5 23. dxe5 f6 24. exf6 Bxf6 25. b3 Rxd1+ 26. Rxd1 h5 27. Rd7 Be4 28. Ra7 Ra8 29. Rc7 b4 30. Bc4+ Kh8
31. Rd7 a5 32. Rf7 Bc3 33. f3 Bb1 34. Rd7 Re8 35. Bb6 Re1+ 36. Kf2 Bxa2 37. Bxa5 Rc1 38. Rb7 Rc2+ 39. Kg3 g5 40. h4 Be1+
41. Kh3 Bf2 42. Bxb4 Rc1 43. Kh2 Bg1+ 44. Kh3 Bb1 45. hxg5 Bf5+ 46. Kg3 h4+ 47. Kf4 Bc2 48. Bc3+
1-0

[Event "Summer Challengers"]
[Site "SchemingMind.com"]
[Date "2015.09.01"]
[Round "-"]
[White "grabapawn"]
[Black "Gantz69"]
[Result "1-0"]
[WhiteCountry "USA"]
[BlackCountry "MEX"]
[WhiteElo "1608"]
[WhiteRD "59"]
[BlackElo "1434"]
[BlackRD "96"]
[GameID "386553"]

1. e4 e5 2. Nf3 Nc6 3. Bc4 Bc5 4. c3 Nf6 5. d4 exd4 6. cxd4 Bb4+ 7. Nc3 O-O 8. Bg5 d6 9. O-O Bxc3 10. bxc3 Bg4
11. h3 Bh5 12. g4 Bg6 13. e5 dxe5 14. Nxe5 Nxe5 15. dxe5 Qxd1 16. Raxd1 Ne4 17. Be3 Nxc3 18. Rd7 b5 19. Bb3 Rfd8 20. Rxc7 Ne2+
21. Kh2 Nd4 22. Bd1 Bd3 23. Re1 a6 24. Bxd4 Rxd4 25. e6 Re4 26. exf7+ Kf8 27. Rxe4 Bxe4 28. Bb3 Rb8 29. f4 a5 30. f5 a4
31. Be6 Rd8 32. Kg3 Bd5 33. h4 b4 34. Ra7 Ra8 35. Rd7 Bc6 36. Rc7 Bb5 37. Rb7 Ba6 38. Rxb4
1-0

[Event "Summer Challengers"]
[Site "SchemingMind.com"]
[Date "2015.08.27"]
[Round "-"]
[White "Gantz69"]
[Black "grabapawn"]
[Result "0-1"]
[WhiteCountry "MEX"]
[BlackCountry "USA"]
[WhiteElo "1548"]
[WhiteRD "142"]
[BlackElo "1594"]
[BlackRD "58"]
[GameID "386554"]

1. c4 c5 2. Nc3 d6 3. Nf3 Nf6 4. d4 cxd4 5. Nxd4 g6 6. e4 Bg7 7. Bd3 O-O 8. O-O Bd7 9. f4 e5 10. fxe5 dxe5
11. Nf3 Nc6 12. Bg5 h6 13. Bxf6 Bxf6 14. Nd5 Bg7 15. a3 Bg4 16. h3 Bd7 17. b4 Ne7 18. b5 f5 19. Nh4 Nxd5 20. cxd5 Qxh4
21. Qe1 Qxe1 22. Raxe1 fxe4 23. Rxe4 Bf5 24. Re3 Bxd3 25. Rxd3 e4 26. Re3 Bd4
0-1

[Event "Summer Challengers"]
[Site "SchemingMind.com"]
[Date "2015.09.01"]
[Round "-"]
[White "David Hartley"]
[Black "Gantz69"]
[Result "1-0"]
[WhiteCountry "ENG"]
[BlackCountry "MEX"]
[WhiteElo "1751"]
[WhiteRD "63"]
[BlackElo "1434"]
[BlackRD "96"]
[GameID "386555"]

1. e4 c6 2. d4 d5 3. Nc3 dxe4 4. Nxe4 Bf5 5. Ng3 Bg6 6. Nf3 Nf6 7. Bd3 Bxd3 8. Qxd3 e6 9. O-O Be7 10. Re1 O-O
11. Bd2 Nbd7 12. c3 c5 13. Be3 cxd4 14. Nxd4 Ne5 15. Qb5
1-0

[Event "Summer Challengers"]
[Site "SchemingMind.com"]
[Date "2015.08.28"]
[Round "-"]
[White "Gantz69"]
[Black "David Hartley"]
[Result "1/2-1/2"]
[WhiteCountry "MEX"]
[BlackCountry "ENG"]
[WhiteElo "1423"]
[WhiteRD "86"]
[BlackElo "1751"]
[BlackRD "64"]
[GameID "386556"]

1. c4 c5 2. Nc3 Nc6 3. Nf3 Nf6 4. d4 cxd4 5. Nxd4 g6 6. e4 Bg7 7. Be3 d6 8. Be2 O-O 9. O-O Bd7 10. Nxc6 Bxc6
11. Bf3 Rc8 12. Nd5 b6 13. Nxf6+ Bxf6 14. Rb1 Bd7 15. b3 Be6 16. Re1 Bg7 17. Bd4 Bd7 18. Bxg7 Kxg7 19. Qd4+ Kg8 20. Rbd1 Bc6
21. Bg4 Rc7 22. Re3 Qa8 23. Rde1 Bd7 24. Bxd7 Rxd7 25. e5 Rdd8 26. e6 f6 27. Qh4 Kg7 28. Rh3 Rh8 29. Qh6+ Kg8 30. Ree3 Rf8
31. Rh5 f5 32. Rg3 Rf6 33. Rhg5 Qe8 34. h4 Qf8 35. Rxg6+ hxg6 36. Rxg6+ Rxg6 37. Qxg6+ Qg7 38. Qe8+ Kh7 39. Qh5+ Qh6 40. Qf7+ Qg7=
1/2-1/2

[Event "Summer Challengers"]
[Site "SchemingMind.com"]
[Date "2015.09.01"]
[Round "-"]
[White "emvarela"]
[Black "Gantz69"]
[Result "0-1"]
[WhiteCountry "ARG"]
[BlackCountry "MEX"]
[WhiteElo "1722"]
[WhiteRD "46"]
[BlackElo "1434"]
[BlackRD "96"]
[GameID "386557"]

1. e4 c6 2. d4 d5 3. Nc3 dxe4 4. Nxe4 Bf5 5. Ng3 Bg6 6. h4 h6 7. Nf3 Nf6 8. h5 Bh7 9. Bd3 Bxd3 10. Qxd3 e6
11. Bf4 Nbd7 12. O-O-O Ng4 13. Rhf1 Ndf6 14. Ne5 Bd6 15. Ne4 Nxe4 16. Qxe4 Nf6 17. g4 Nxe4
0-1

[Event "Summer Challengers"]
[Site "SchemingMind.com"]
[Date "2015.09.01"]
[Round "-"]
[White "Gantz69"]
[Black "emvarela"]
[Result "0-1"]
[WhiteCountry "MEX"]
[BlackCountry "ARG"]
[WhiteElo "1453"]
[WhiteRD "96"]
[BlackElo "1720"]
[BlackRD "49"]
[GameID "386558"]

1. c4 Nf6 2. Nc3 e6 3. d4 Bb4 4. Nf3 d5 5. a3 Bxc3+ 6. bxc3 O-O 7. Bg5 h6 8. Bxf6 Qxf6 9. e3 dxc4 10. Bxc4 Nd7
11. O-O Nb6 12. Qb3 Bd7 13. Ne5 Bc6 14. Nxc6 bxc6 15. Rab1 Rab8 16. Bd3 Nd7 17. Qc2 g6 18. Rxb8 Rxb8 19. Rb1 Rxb1+ 20. Qxb1 Nb6
21. c4 e5 22. c5 Nd7 23. Qb7 exd4 24. Qxc7 Ne5 25. Qb8+ Kg7 26. Ba6 dxe3 27. fxe3 Ng4 28. Qf4 Qa1+ 29. Qf1 Qxf1+ 30. Kxf1 Nxe3+
31. Kf2= Nd5 32. Kf3= f5 33. Bc4 Nc7 34. Kf4 Kf6 35. Be2 Ne6+ 36. Ke3 Nxc5 37. Bf3 Ke5 38. Bxc6 f4+ 39. Kf3 h5 40. h4 Ne6
41. Be8 Nf8 42. Bc6= Ne6 43. Be8 Nd4+ 44. Kf2 Kf6 45. Ba4 Nf5 46. Kf3 Ke5 47. Kf2 Nxh4 48. Bc2 g5 49. g3 fxg3+ 50. Kxg3 Nf5+
51. Kf2 h4 52. a4 g4 53. Bd1 Kf4 54. Kg1 Kg3 55. a5 Ne3 56. Be2 h3 57. a6 h2+ 58. Kh1 Nf5 59. Bf1 Kf2 60. Bg2 g3
61. Bf1 Ne3 62. Bg2 Ke1 63. Bh3 Nd1 64. Bc8 Nf2+ 65. Kg2 h1=Q+ 66. Kxg3 Qg1+ 67. Kf3 Qg5 68. Bh3 Nxh3 69. Ke4 Ke2
0-1

[Event "Summer Challengers"]
[Site "SchemingMind.com"]
[Date "2015.09.01"]
[Round "-"]
[White "kenneth m day"]
[Black "Gantz69"]
[Result "1-0"]
[WhiteCountry "USA"]
[BlackCountry "MEX"]
[WhiteElo "1685"]
[WhiteRD "50"]
[BlackElo "1434"]
[BlackRD "96"]
[GameID "386559"]

1. e4 c6 2. c4 d5 3. exd5 cxd5 4. cxd5 Nf6 5. Nc3 Nxd5 6. d4 e6 7. Nf3 Bb4 8. Bd2 Bxc3 9. bxc3 O-O 10. Qc2 Nc6
11. Bd3 Nf6 12. Bg5 g6 13. h4 Nb8 14. Ne5 Nbd7 15. h5
1-0

[Event "Summer Challengers"]
[Site "SchemingMind.com"]
[Date "2015.08.27"]
[Round "-"]
[White "Gantz69"]
[Black "kenneth m day"]
[Result "0-1"]
[WhiteCountry "MEX"]
[BlackCountry "USA"]
[WhiteElo "1434"]
[WhiteRD "96"]
[BlackElo "1685"]
[BlackRD "50"]
[GameID "386560"]

1. c4 c5 2. Nc3 Nf6 3. Nf3 Nc6 4. d4 cxd4 5. Nxd4 e5 6. Nxc6 bxc6 7. Bg5 Bc5 8. e3 O-O 9. Bd3 Be7 10. O-O d6
11. Bxf6 Bxf6 12. Ne4 Re8 13. Nxd6 Qxd6 14. Bxh7+ Kxh7 15. Qxd6 Be6 16. Qxc6 Rac8 17. Qe4+ g6 18. b3 Bf5 19. Qb7 Re7 20. Qa6 Be6
21. Rad1 Rcc7 22. Rd6 Bg7 23. f4 exf4 24. Rxf4 Be5 25. Rh4+ Kg7
0-1

[Event "Summer Challengers"]
[Site "SchemingMind.com"]
[Date "2015.08.27"]
[Round "-"]
[White "grabapawn"]
[Black "Simon Green"]
[Result "0-1"]
[WhiteCountry "USA"]
[BlackCountry "ENG"]
[WhiteElo "1594"]
[WhiteRD "58"]
[BlackElo "1583"]
[BlackRD "55"]
[GameID "386598"]

1. e4 e6 2. d4 d5 3. Nc3 Nf6 4. Bg5 Be7 5. Bd3 a6 6. Nf3 dxe4 7. Nxe4 Nxe4 8. Bxe7 Qxe7 9. Bxe4 Qb4+ 10. c3 Qxb2
11. Qc1 Qxc1+ 12. Rxc1 Nc6 13. O-O O-O 14. c4 Ne7 15. Rfd1 c6 16. Rc3 f5 17. Bc2 Bd7 18. Ne5 Rad8 19. Nxd7 Rxd7 20. Bb3 Rfd8
21. a4 Rxd4 22. Rxd4 Rxd4 23. g3 c5 24. Kg2 Nc6 25. Re3 e5 26. f3 Rd2+ 27. Kh3 g5 28. g4 f4 29. Re1 Nd4 30. Bd1 Nc6
31. Bb3 a5 32. Rc1 Nd4 33. Bd1 Nc6 34. Bb3= Nd4 35. Bd1 Rd3 36. Kg2 Rd2+ 37. Kg1 Ne2+ 38. Bxe2 Rxe2 39. Rb1 Rc2 40. Rxb7 Rxc4
41. Rb8+ Kg7 42. Rb7+ Kf6 43. Rb6+ Ke7 44. Rb5 Rxa4 45. Rxc5 Kd6 46. Rb5 Ra3 47. Kg2 a4 48. Rb6+ Kc5 49. Rb2 Kd4 50. h4 h6
51. h5 Ke3 52. Rb6 Ra2+ 53. Kf1 Kxf3 54. Ke1 Kxg4 55. Rxh6 Rh2
0-1

[Event "Summer Challengers"]
[Site "SchemingMind.com"]
[Date "2015.08.27"]
[Round "-"]
[White "Simon Green"]
[Black "grabapawn"]
[Result "1/2-1/2"]
[WhiteCountry "ENG"]
[BlackCountry "USA"]
[WhiteElo "1583"]
[WhiteRD "55"]
[BlackElo "1594"]
[BlackRD "58"]
[GameID "386599"]

1. d4 c5 2. c3 cxd4 3. cxd4 d6 4. e3 Nf6 5. f4 Bf5 6. Nf3 g6 7. Bd3 Ne4 8. Nbd2 d5 9. Ne5 Nc6 10. O-O Bg7
11. Bxe4 dxe4 12. Nb3 O-O 13. Nc5 Nxe5 14. fxe5 b6 15. Nb3 Qd7 16. Bd2 f6 17. exf6 Rxf6 18. Rc1 Bg4 19. Qc2 Rc8 20. Qxc8+ Qxc8
21. Rxc8+ Bxc8 22. Bb4 Ba6 23. Rxf6 Bxf6 24. Kf2 Kf7 25. g4 Bc8 26. Nd2 a5 27. Bc3 Bb7 28. Nc4 Bd5 29. Nxb6 Bxa2 30. Bxa5 Be6
31. Kg3 h5 32. gxh5 gxh5 33. Kf4 Bb3 34. Nd7 Bg7 35. Kxe4 Bc2+ 36. Kf3 e6 37. b4 Bd3 38. Ne5+ Bxe5 39. dxe5 Ke7 40. h4 Kd7
41. Kf4 Be2 42. Kg5 Bg4 43. b5 Kc8 44. Kf6 Kd7 45. b6 Kc8 46. Ke7 Kb7 47. Kd7=
1/2-1/2

[Event "Summer Challengers"]
[Site "SchemingMind.com"]
[Date "2015.08.28"]
[Round "-"]
[White "David Hartley"]
[Black "Simon Green"]
[Result "0-1"]
[WhiteCountry "ENG"]
[BlackCountry "ENG"]
[WhiteElo "1751"]
[WhiteRD "63"]
[BlackElo "1583"]
[BlackRD "53"]
[GameID "386600"]

1. e4 e6 2. d4 d5 3. Nc3 Nf6 4. e5 Nfd7 5. f4 c5 6. dxc5 Bxc5 7. Qg4 O-O 8. Bd3 f5 9. Qh3 Bxg1 10. Rxg1 Nc6
11. Be3 d4 12. Bc4 Nb6 13. Bxe6+ Bxe6 14. O-O-O Qc7 15. Bxd4 Nxd4 16. Rxd4 Rac8 17. Rd2 Nc4 18. Re2 Rfd8 19. Rf1 Qa5 20. Rf3 Qb4
21. Nd1 Rxd1+ 22. Kxd1 Qxb2 23. Ke1 Qc1+ 24. Kf2 Nd2 25. Re1 Ne4+ 26. Kf1 Bc4+
0-1

[Event "Summer Challengers"]
[Site "SchemingMind.com"]
[Date "2015.08.28"]
[Round "-"]
[White "Simon Green"]
[Black "David Hartley"]
[Result "1/2-1/2"]
[WhiteCountry "ENG"]
[BlackCountry "ENG"]
[WhiteElo "1583"]
[WhiteRD "53"]
[BlackElo "1751"]
[BlackRD "63"]
[GameID "386601"]

1. d4 d5 2. e3 Nf6 3. Bd3 Bg4 4. f3 Be6 5. f4 Qd7 6. Nf3 Nc6 7. c3 g6 8. O-O Bg7 9. Nbd2 O-O 10. Qe1 Bf5
11. Bxf5 Qxf5 12. Ne5 Qe6 13. Ndf3 Nxe5 14. fxe5 Nd7 15. e4 c6 16. exd5 cxd5 17. Qf2 f6 18. exf6 Nxf6 19. Bg5 Rf7 20. Ne5 Rff8
21. Rae1 Ne4 22. Qe3 Rxf1+ 23. Rxf1 Bxe5 24. dxe5 Qxe5 25. Bf4 Qg7 26. c4 e6 27. cxd5 exd5 28. Qb3 Rd8 29. Rd1 Qf7 30. Be3 b6
31. Qa4 Qe7 32. Qb5 Qf7 33. Rf1 Qe6 34. Bd4 Rf8 35. Rxf8+ Kxf8 36. Qb4+ Kf7 37. Qe1 Qc6 38. Qf1+ Ke7 39. Qf4 Qd7 40. Qe5+ Kd8
41. Qb8+ Ke7 42. Qe5+ Kd8 43. Qb8+ Ke7 44. Qe5+=
1/2-1/2

[Event "Summer Challengers"]
[Site "SchemingMind.com"]
[Date "2015.09.01"]
[Round "-"]
[White "emvarela"]
[Black "Simon Green"]
[Result "1-0"]
[WhiteCountry "ARG"]
[BlackCountry "ENG"]
[WhiteElo "1722"]
[WhiteRD "46"]
[BlackElo "1583"]
[BlackRD "53"]
[GameID "386602"]

1. e4 e6 2. d4 d5 3. exd5 exd5 4. c4 Nf6 5. Nc3 Be7 6. Nf3 O-O 7. cxd5 Nxd5 8. Nxd5 Qxd5 9. a3 Bg4 10. Be2 Nc6
11. Be3 Na5 12. h3 Bf5 13. Bd3 Bxd3 14. Qxd3 Nb3 15. Rd1 Na5 16. O-O Nc6 17. Rfe1 f6 18. Bf4 Bd6 19. Bxd6 Qxd6 20. Qc4+ Rf7
21. Re6 Qd7 22. Rde1 Kf8 23. Qc5+ Ne7 24. d5 Re8 25. d6 cxd6 26. Rxd6 Qa4 27. Nd4 Rc8 28. Ne6+ Kg8 29. Qxc8+
1-0

[Event "Summer Challengers"]
[Site "SchemingMind.com"]
[Date "2015.09.01"]
[Round "-"]
[White "Simon Green"]
[Black "emvarela"]
[Result "1-0"]
[WhiteCountry "ENG"]
[BlackCountry "ARG"]
[WhiteElo "1582"]
[WhiteRD "58"]
[BlackElo "1700"]
[BlackRD "49"]
[GameID "386603"]

1. d4 Nf6 2. e3 d5 3. Bd3 Bg4 4. f3 Bh5 5. Nd2 e6 6. Ne2 c5 7. c3 c4 8. Bc2 Nc6 9. O-O Bd6 10. Qe1 Qc7
11. f4 Bxe2 12. Qxe2 O-O-O 13. Nf3 h6 14. Ne5 Bxe5 15. fxe5 Nd7 16. Rxf7 g5 17. Bd2 Rdf8 18. Raf1 Nd8 19. Rxf8 Rxf8 20. e4 dxe4
21. Rxf8 Nxf8 22. Bxe4 Qb6 23. Qxc4+ Qc7 24. Qxc7+ Kxc7 25. b4 b6 26. b5 Nf7 27. g4 Kd7 28. Bc6+ Kc7 29. Be4 Nd8 30. Kg2 Nb7
31. a4 Na5 32. Bc1 Nd7 33. Ba3 Nc4 34. Bb4 Nb8 35. Kg3 Nd7 36. h4 Nd2 37. Bc6 a5 38. Ba3 Nb1 39. Bb2 Nb8 40. Be4 Nd2
41. Bd3 Nd7 42. hxg5 hxg5 43. Bc1 Nb3 44. Bxg5
1-0

[Event "Summer Challengers"]
[Site "SchemingMind.com"]
[Date "2015.08.27"]
[Round "-"]
[White "kenneth m day"]
[Black "Simon Green"]
[Result "1-0"]
[WhiteCountry "USA"]
[BlackCountry "ENG"]
[WhiteElo "1685"]
[WhiteRD "50"]
[BlackElo "1583"]
[BlackRD "53"]
[GameID "386604"]

1. e4 e6 2. d4 d5 3. Nd2 Nf6 4. e5 Nfd7 5. Bd3 c5 6. c3 c4 7. Bc2 Be7 8. Ndf3 Nc6 9. Ne2 f5 10. exf6 Nxf6
11. Bf4 O-O 12. Ne5 Nxe5 13. Bxe5 Ng4 14. O-O Nxe5 15. dxe5 Qb6 16. Rb1 Bd7 17. Nd4 Bc5 18. Qh5 g6 19. Qh4 Bxd4 20. Qxd4 Qxd4
21. cxd4 b5 22. f4 b4 23. Rbe1 a5 24. Re3 a4 25. Bd1 Bb5 26. Rf2 Rac8 27. g4 c3 28. bxc3 bxc3 29. Rc2 Rc4 30. Be2 Rxd4
31. Bxb5 Rb8 32. Bxa4 Rb1+ 33. Kg2 Rd2+ 34. Rxd2 cxd2 35. Rd3 Rb2 36. Bd1 Rxa2 37. Kf2 Kf7 38. Ke2 h6 39. Rxd2 Rxd2+ 40. Kxd2 Ke7
41. Kd3 Kd7 42. Kd4 Ke7 43. Bc2 Kf7 44. Kc5 Ke7 45. Bxg6 Kd7 46. Kb6 Ke7 47. Kc6
1-0

[Event "Summer Challengers"]
[Site "SchemingMind.com"]
[Date "2015.08.27"]
[Round "-"]
[White "Simon Green"]
[Black "kenneth m day"]
[Result "1-0"]
[WhiteCountry "ENG"]
[BlackCountry "USA"]
[WhiteElo "1583"]
[WhiteRD "53"]
[BlackElo "1685"]
[BlackRD "50"]
[GameID "386605"]

1. d4 d5 2. e3 Nf6 3. Bd3 Bg4 4. f3 Bh5 5. Nd2 e6 6. Ne2 Bg6 7. Bxg6 hxg6 8. O-O Qd6 9. f4 Ne4 10. Nxe4 dxe4
11. Nc3 Nd7 12. Nxe4 Qd5 13. Qf3 O-O-O 14. b3 Be7 15. c4 Qh5 16. Qxh5 Rxh5 17. Ng3 Rh6 18. e4 Nf6 19. Be3 Rdh8 20. h3 Nd7
21. a3 f5 22. e5 Bh4 23. Ne2 Rh5 24. Bf2 g5 25. Bxh4 Rxh4 26. fxg5 R8h5 27. g6 Rg5 28. Rf3 Rxg6 29. Rg3 Rxg3 30. Nxg3 Rxd4
31. Nh5 g6 32. Nf6 Nxe5 33. Re1 Nc6 34. Rxe6 b6 35. Rxc6 Rd6 36. Rxd6 cxd6 37. Nd5 Kd7 38. b4 Ke6 39. Nf4+ Kf6 40. h4 a6
41. Nd5+ Ke6 42. Nxb6 f4 43. Nd5 Ke5 44. Kf2 Ke4 45. g4 Kd4 46. Nxf4
1-0